All 5k+ cities and villages in New York - Statistics

General Stats
  • This quiz has been taken 70 times
    52 since last reset
  • The average score is 48 of 169
Answers on the Map
Answers color-coded by a green-red scale on the quiz's map according to % correct below.
 
Answer Stats
City Population % Correct
New York City 8,804,190
96%
Buffalo 278,349
93%
Yonkers 211,569
93%
Albany 99,224
89%
Niagara Falls 48,671
89%
Rochester 211,328
89%
Syracuse 148,620
85%
Hempstead 59,169
78%
New Rochelle 79,726
78%
Troy 51,401
78%
Utica 65,283
78%
Ithaca 32,108
74%
Poughkeepsie 31,577
74%
Binghamton 47,969
70%
Mount Vernon 73,893
70%
Rome 32,127
70%
Schenectady 67,047
70%
White Plains 59,559
70%
Newburgh 28,856
67%
Watertown 24,685
67%
Elmira 26,523
63%
Jamestown 28,712
59%
Kiryas Joel 32,954
56%
Oneida 10,329
52%
Plattsburgh 19,841
52%
Valley Stream 40,634
52%
Auburn 26,866
48%
Kingston 24,069
48%
Lockport 20,876
48%
Tonawanda 15,129
48%
Corning 10,551
44%
Lackawanna 19,949
44%
North Tonawanda 30,496
44%
Peekskill 25,431
44%
Saratoga Springs 28,491
44%
Long Beach 35,029
41%
Olean 13,937
41%
Oneonta 13,079
41%
Port Jervis 8,775
41%
Amsterdam 18,219
37%
Batavia 15,600
37%
Harrison 28,218
37%
Johnson City 15,343
37%
Dunkirk 12,743
33%
Fredonia 9,585
33%
Glen Cove 28,365
33%
Middletown 30,345
33%
Monroe 9,343
33%
Ossining 27,551
33%
Oswego 16,921
33%
Port Chester 31,693
33%
Watervliet 10,375
33%
Canandaigua 10,576
30%
Endicott 13,667
30%
Glens Falls 14,830
30%
Hudson 5,894
30%
New Paltz 7,324
30%
Ogdensburg 10,064
30%
Potsdam 8,312
30%
Rye 16,592
30%
Scarsdale 18,253
30%
Sleepy Hollow 9,986
30%
Cortland 17,556
26%
Depew 15,178
26%
Freeport 44,472
26%
Garden CIty 23,272
26%
Great Neck 11,145
26%
Hamburg 9,696
26%
Horseheads 6,606
26%
Nyack 7,265
26%
Penn Yan 5,056
26%
Salamanca 5,929
26%
Bath 5,571
22%
Beacon 13,769
22%
Brockport 7,104
22%
Bronxville 6,656
22%
Croton-on-Hudson 8,327
22%
Geneva 12,812
22%
Herkimer 7,234
22%
Irvington 6,652
22%
Lancaster 10,027
22%
Mamaroneck 20,151
22%
Massena 10,151
22%
Rensselaer 9,210
22%
Rockville Centre 26,016
22%
Tarrytown 11,860
22%
Wappingers Falls 6,103
22%
Amityville 9,500
19%
Canton 7,155
19%
Cohoes 18,147
19%
Dobbs Ferry 11,541
19%
Elmsford 5,239
19%
Fairport 5,501
19%
Fulton 11,389
19%
Goshen 5,777
19%
Hastings-on-Hudson 8,590
19%
Johnstown 8,204
19%
Larchmont 6,630
19%
Monticello 7,173
19%
North Syracuse 6,739
19%
Norwich 7,051
19%
Pelham 7,326
19%
Port Jefferson 7,962
19%
Spring Valley 33,066
19%
Suffern 11,441
19%
Albion 5,637
15%
Baldwinsville 7,898
15%
Ballston Spa 5,111
15%
Colonie 7,781
15%
East Aurora 5,998
15%
East Rochester 6,334
15%
Floral Park 16,172
15%
Geneseo 7,574
15%
Gloversville 15,131
15%
Hornell 8,263
15%
Ilion 7,646
15%
Kenmore 15,205
15%
Lindenhurst 27,148
15%
Massapequa Park 17,109
15%
Mechanicville 5,163
15%
Mineola 20,800
15%
Mount Kisco 10,959
15%
Patchogue 12,408
15%
Pleasantville 7,513
15%
Rye Brook 10,047
15%
Scotia 7,272
15%
Tuckahoe 7,084
15%
Walden 6,818
15%
Webster 5,651
15%
Ardsley 5,079
11%
Babylon 12,188
11%
Briarcliff Manor 7,569
11%
Hudson Falls 7,427
11%
Malone 5,483
11%
Medina 6,047
11%
Newark 9,017
11%
Pelham Manor 5,752
11%
Solvay 6,645
11%
Warwick 6,652
11%
Williamsville 5,423
11%
Woodbury 11,526
11%
Airmont 10,166
7%
Bayville 6,748
7%
East Rockaway 10,159
7%
Farmingdale 8,466
7%
Haverstraw 12,323
7%
Hilton 6,027
7%
Kings Point 5,619
7%
Lawrence 6,809
7%
Lynbrook 20,438
7%
Washingtonville 5,657
7%
Cedarhurst 7,374
4%
Chestnut Ridge 10,505
4%
East Hills 7,284
4%
Great Neck Plaza 7,482
4%
Kaser 5,491
4%
Lake Grove 11,072
4%
Malverne 8,560
4%
Manorhaven 6,956
4%
New Hempstead 5,463
4%
New Hyde Park 10,257
4%
New Square 9,679
4%
North Hills 5,464
4%
Northport 7,347
4%
Sea Cliff 5,062
4%
Westbury 15,864
4%
West Haverstraw 10,678
4%
Williston Park 7,591
4%
Wesley Hills 6,116
0%
No matching quizzes found
Score Distribution
Percent of People with Each Score
Percentile by Number Answered
Your Score History
You have not taken this quiz since the last reset